Shifting into higher gear : An owner's manual for uniting your calling and career
Discover this step-by-step plan to match your strengths and interests with a career that will fulfill you for a lifetime. Shifting into Higher Gear creates a pathway to minimize the stress and confusion of seeking the right job. The book presents a comprehensive three-stage program for discovering y...
Gespeichert in:
| 1. Verfasser: | |
|---|---|
| Format: | Buch |
| Sprache: | Undetermined |
| Veröffentlicht: |
San Francisco
Jossey-Bass
2005
|
| Schlagworte: | |
| Tags: |
Tag hinzufügen
Keine Tags, Fügen Sie den ersten Tag hinzu!
|
| Thư viện lưu trữ: | Trung tâm Học liệu Trường Đại học Cần Thơ |
|---|
| LEADER | 01308nam a2200217Ia 4500 | ||
|---|---|---|---|
| 001 | CTU_112487 | ||
| 008 | 210402s9999 xx 000 0 und d | ||
| 020 | |c 294000 | ||
| 082 | |a 650.14 | ||
| 082 | |b S566 | ||
| 100 | |a Siciliano, Tom | ||
| 245 | 0 | |a Shifting into higher gear : | |
| 245 | 3 | |b An owner's manual for uniting your calling and career | |
| 245 | 0 | |c Tom Siciliano, Jeff Caliguire | |
| 260 | |a San Francisco | ||
| 260 | |b Jossey-Bass | ||
| 260 | |c 2005 | ||
| 520 | |a Discover this step-by-step plan to match your strengths and interests with a career that will fulfill you for a lifetime. Shifting into Higher Gear creates a pathway to minimize the stress and confusion of seeking the right job. The book presents a comprehensive three-stage program for discovering your calling, turning that calling into a career, and sustaining your passion once youre in the job of your dreams. Grounded in Biblical wisdom, yet highly practical, the book is packed with field-tested advice, worksheets, self-assessments, and creative questions for action and reflection. This is must-read will become a trusted "owners manual" for a lifetime of meaningful work. | ||
| 650 | |a Vocational guidance,Career development,Job hunting | ||
| 904 | |i Minh | ||
| 980 | |a Trung tâm Học liệu Trường Đại học Cần Thơ | ||